000 01159nam a2200313 4500
003 EG-GICUC
005 20260415145157.0
008 260415s1965 iq ||||fr|||| 000 0 eng d
040 _aEG-GiCUC
_bfre
_cEG-GiCUC
_dEG-GiCUC
_eRda
041 _afre
_hfre
082 0 4 _221
_a341.81
_bSH . F
092 0 4 _221
099 _aLaw 12 341.81 SH . F 1965
100 0 _aShakir Nasir Haider
_eمؤلف.
245 1 0 _aFundamental Principles of Nationality:
_bArticle 15th of the Universal Declaration of Human Rights; A Comparative Study, the Iraqi and the American Laws.
_cBy Shakir Nasir Haider.
264 1 _aBaghdad;
_bThe University of Baghdad,
_c1965.
300 _a192 page :
_billustration ;
_c 24 cm.
336 _2rda contenu
_a texte
337 _2rda medias
_aOrdinateur
338 _2 transporteur rda
_a Ressource en ligne
500 _aالمقدمة باللغة العربية
504 _aBibliography: pages 200-250. 240-220
546 _aTexte en français
650 1 _aPrivate international law
_2qrmak
651 1 _2qrmak
856 4 0 _uhttps://fll.law.cu.edu.eg/fulltext/bks/B12-03089.pdf
905 _a31
942 _2ddc
_n0
_cBK
_e21
999 _c71084
_d71084